000 00346nam a22001457a 4500
003 ASAB
005 20180827062604.0
008 151231t xxu||||| |||| 00| 0 eng d
020 _a978-969-8893-09-5
040 _cASAB
100 _as. khalid mahmood
_91419
245 _acricket world cup 2011 asian glory
300 _a162
942 _2ddc
_cBK
999 _c479926
_d479926